| 000 | 00628nam a22002177a 4500 | ||
|---|---|---|---|
| 999 |
_c9754 _d9754 |
||
| 003 | AR-CdUCM | ||
| 008 | 190328b ||||| |||| 00| 0 spa d | ||
| 040 |
_aMUNICIPALIDAD PROVINCIAL DEL CUSCO _cBIBLIOTECA MUNICIPAL DEL CUSCO |
||
| 041 | _hger | ||
| 082 |
_23ed. _a838.913 / _bK15A / 1952 |
||
| 100 |
_aKafka, Franz _990 |
||
| 245 | _aAmérica / | ||
| 260 |
_aBuenos Aires : _bEmecé, _c1952. |
||
| 300 |
_a307 páginas ; _c18.5 cm. |
||
| 650 |
_aNovela _95 |
||
| 650 |
_aNovelas alemanas _92845 |
||
| 650 |
_aSiglo XX _98 |
||
| 700 |
_aVogelmann, D.J. (traductor) _926182 |
||
| 942 |
_2ddc _cLIBROS |
||
| 945 |
_apjha _d2019-05-13 |
||